000 00820nas a2200265 i 4500
001 189814
003 ES-MaACL
005 20250724062615.0
007 t|
008 191128d19851997sp m| p | b||pa d
022 _a2483-0836
080 _a008
245 0 0 _aBoletín del Ateneo de Zaragoza /
_cdirector, F. Solsona ; redactor jefe, L. García Camañes.
260 _aZaragoza :
_bAteneo de Zaragoza,
_c[1985-1997]
300 _a5 v. :
_bil. ;
_c22 cm.
362 0 _aComenzó ca. 1985.
590 0 _aDescripción basada en: N. 42 (en. 1990)
610 2 4 _aAteneo de Zaragoza.
_92034
650 7 _aCultura
_2embne
_9170963
700 1 _aSolsona, Fernando.
_9107252
710 2 _aAteneo de Zaragoza.
_92034
852 _aES-MaACL
_jHem-1986
866 0 _o(1990),(1997 sólo jun.)
999 _c189814
_d189814